[Event "FIDE World Blitz 2013"]
[Site "Khanty-Mansiysk RUS"]
[Date "2013.06.09"]
[Round "5.17"]
[White "Grachev, Boris"]
[Black "Inarkiev, Ernesto"]
[Result "0-1"]
[WhiteTitle "GM"]
[BlackTitle "GM"]
[WhiteElo "2683"]
[BlackElo "2680"]
[WhiteFideId "4129199"]
[BlackFideId "4162722"]
[EventDate "2013.06.09"]

1. d4 Nf6 2. Nf3 g6 3. Bf4 Bg7 4. e3 b6 5. h3 Bb7 6. Be2 d6 7. O-O Nbd7 8. Bh2
O-O 9. a4 a5 10. c3 e6 11. Nfd2 Re8 12. Bf3 d5 13. c4 e5 14. Nc3 c6 15. cxd5
Nxd5 16. Nde4 Qe7 17. Nxd5 cxd5 18. Nc3 exd4 19. exd4 Nf6 20. Be5 Ne4 21. Bxg7
Kxg7 22. Re1 Qb4 23. Bxe4 dxe4 24. Nb5 Rad8 25. Re3 Bc6 26. Rb3 Qe7 27. Rc1 Qd7
28. Nc3 Bxa4 29. Nxa4 Qxa4 30. Rxb6 Qxd4 31. Qxd4+ Rxd4 32. Rb7 Re5 33. Rc2 a4
34. Re2 h5 35. h4 e3 36. g3 Rd1+ 37. Kg2 Rd2 38. Rxd2 exd2 39. Rd7 Re2 40. Kf3
d1=Q 41. Rxd1 Rxb2 42. Ra1 Rb3+ 43. Kf4 Rb4+ 44. Kf3 Kf6 45. Rc1 Rb6 46. Ra1 Ra6
47. Ra3 Ke5 48. Ke3 Kd5 49. Kd2 Kc4 50. Kc2 Kb4 51. Rf3 a3 52. Rf4+ Kc5 53. Kb1
a2+ 54. Ka1 f5 55. Rf3 Kd4 56. Re3 Kd5 57. Re8 Kd4 58. Re3 Kc4 59. Rf3 Kd4 60.
Re3 Kd5 61. Re8 Re6 62. Rg8 Ke4 63. Rd8 Kf3 64. Rd2 Re1+ 65. Kxa2 Re2 0-1

[Event "FIDE World Blitz 2013"]
[Site "Khanty-Mansiysk RUS"]
[Date "2013.06.09"]
[Round "5.20"]
[White "Vasquez Schroeder, Rodrigo"]
[Black "Safarli, Eltaj"]
[Result "1-0"]
[WhiteTitle "GM"]
[BlackTitle "GM"]
[WhiteElo "2542"]
[BlackElo "2660"]
[WhiteFideId "3400042"]
[BlackFideId "13402129"]
[EventDate "2013.06.09"]

1. e4 e5 2. Nf3 Nc6 3. Bb5 a6 4. Ba4 d6 5. c3 Bd7 6. d4 g6 7. O-O Bg7 8. dxe5
Nxe5 9. Nxe5 dxe5 10. Nd2 Nf6 11. Re1 O-O 12. Nf3 Qe7 13. Bg5 Rfd8 14. Bxd7 Rxd7
15. Qb3 c6 16. Rad1 Rad8 17. h3 h6 18. Bxf6 Bxf6 19. Qc2 Qe6 20. b3 h5 21. Kf1
a5 22. Rxd7 Qxd7 23. Ke2 Qe7 24. Rd1 Rxd1 25. Kxd1 Qc5 26. Ke2 b5 27. Qd2 a4 28.
Ne1 Bh4 29. Nd3 Qe7 30. Qc2 axb3 31. axb3 Qd6 32. g3 Bd8 33. Qd2 Bb6 34. h4 Qe6
35. Kf1 Qxb3 36. Nxe5 Qb1+ 37. Qe1 Qa2 38. Kg2 Qe6 39. Nf3 c5 40. Qe2 c4 41. Ng5
Qf6 42. e5 Qc6+ 43. Kh2 Bd8 44. Ne4 Be7 45. f4 Qd5 46. Kg2 b4 47. cxb4 Bxb4 48.
Qf3 Kg7 49. f5 Qxe5 50. fxg6 fxg6 51. Ng5 Qe7 52. Qf4 c3 53. Qd4+ Kg8 54. Qc4+
Kf8 55. Ne6+ Ke8 56. Nc7+ Kf8 57. Nd5 Qe5 58. Qxb4+ Kf7 59. Qc4 c2 60. Ne3+ Kg7
61. Nxc2 Qb2 62. Qd4+ 1-0

[Event "FIDE World Blitz 2013"]
[Site "Khanty-Mansiysk RUS"]
[Date "2013.06.09"]
[Round "5.23"]
[White "Frolyanov, Dmitry"]
[Black "Gundavaa, Bayarsaikhan"]
[Result "0-1"]
[WhiteTitle "GM"]
[BlackTitle "GM"]
[WhiteElo "2570"]
[BlackElo "2516"]
[WhiteFideId "4151976"]
[BlackFideId "4901045"]
[EventDate "2013.06.09"]

1. e4 c5 2. Nf3 d6 3. d4 cxd4 4. Nxd4 Nf6 5. Nc3 a6 6. Be3 e5 7. Nf3 Be7 8. Bc4
O-O 9. O-O Qc7 10. Bb3 Be6 11. Qe2 h6 12. Rad1 Nbd7 13. Nh4 Nc5 14. Bxc5 Qxc5
15. Ng6 Rfe8 16. Bxe6 fxe6 17. Rd3 Rad8 18. Rg3 Nh7 19. Nxe7+ Rxe7 20. Qh5 Kh8
21. Rf3 Ng5 22. Rd3 Rf8 23. h4 Nh7 24. Qe2 b5 25. Qe3 Qb4 26. b3 Nf6 27. f3 Rc8
28. Rfd1 Rec7 29. Ne2 Rxc2 30. Rxd6 Rxa2 31. Rxe6 Qc5 32. Qxc5 Rxc5 33. Ng3 Rcc2
34. Nf5 Rxg2+ 35. Kf1 Raf2+ 36. Ke1 Rxf3 37. Rd8+ Kh7 38. Ra8 Nxe4 39. Ra7 0-1

[Event "FIDE World Blitz 2013"]
[Site "Khanty-Mansiysk RUS"]
[Date "2013.06.09"]
[Round "5.24"]
[White "Al-Sayed, Mohammed"]
[Black "Riazantsev, Alexander"]
[Result "0-1"]
[WhiteTitle "GM"]
[BlackTitle "GM"]
[WhiteElo "2498"]
[BlackElo "2708"]
[WhiteFideId "12100196"]
[BlackFideId "4125029"]
[EventDate "2013.06.09"]

1. d4 Nf6 2. Nf3 e6 3. Bg5 c5 4. Bxf6 Qxf6 5. e3 b6 6. Bd3 Bb7 7. Nbd2 Qe7 8.
O-O g6 9. a4 a6 10. Qe2 d6 11. c3 Bg7 12. h4 h6 13. Be4 d5 14. Bd3 Nd7 15. Rac1
O-O 16. e4 cxd4 17. cxd4 dxe4 18. Bxe4 Nf6 19. Bxb7 Qxb7 20. Nc4 Nd5 21. g3 Rfd8
22. Nce5 Ne7 23. Rc4 b5 24. axb5 Qxb5 25. Rfc1 Nf5 26. Qe4 Nd6 27. Qf4 Qxb2 28.
Rc7 Rf8 29. Kg2 Nf5 30. d5 exd5 31. h5 Rae8 32. hxg6 Bxe5 33. Qxf5 Bxc7 34. Rxc7
Qg7 35. gxf7+ Rxf7 36. Qxd5 Qf6 37. Rc6 Qf5 38. Qxf5 Rxf5 39. Rxa6 Ref8 40. Ra3
Kg7 41. Re3 Ra5 42. Nd4 Rf6 43. Re7+ Kg8 44. Re4 Ra4 45. f3 Rb6 46. Kh3 Rbb4 47.
Nf5 Rxe4 48. fxe4 Kh7 49. Nd6 Rd4 50. Ne8 Kg6 51. Nc7 Rxe4 52. Nd5 Ra4 53. Nb6
Ra1 54. Nc4 Kg5 55. Nd2 Ra3 56. Ne4+ Kf5 57. Nd6+ Kg6 58. Nc4 Rb3 59. Nd6 Rb4
60. Kg2 h5 61. Kf3 Rb3+ 62. Kf4 Rb4+ 63. Kf3 Kf6 64. Ne4+ Ke5 65. Ng5 Rb3+ 66.
Kg2 Kf5 67. Nf3 Ra3 68. Nh2 Kg5 69. Nf3+ Kf5 70. Nh2 Ra2+ 71. Kh3 Ra1 72. Nf3
Rh1+ 73. Kg2 Ra1 74. Kh3 Ra3 75. Nd4+ Kg5 76. Kg2 Kg4 77. Ne2 Ra2 78. Kf2 Rb2
79. Ke3 Ra2 80. Kf2 Ra8 81. Kg2 Ra2 82. Kf2 Ra3 83. Kg2 Re3 84. Kf2 Re8 85. Nc3
Rf8+ 86. Kg2 Re8 87. Kf2 Re5 88. Ne2 Rf5+ 89. Kg2 Rb5 90. Kf2 Rb2 91. Ke3 Rb7
92. Kf2 Re7 93. Nc3 Rf7+ 94. Kg2 Rf3 95. Ne2 Rf8 96. Nc3 Rf7 97. Ne2 Rc7 98. Kf2
Kf5 99. Kf3 Ra7 100. Nd4+ Kg5 101. Ne2 Ra3+ 102. Kf2 Kg4 103. Kg2 Rf3 104. Kg1
Kh3 105. Nf4+ Kxg3 106. Nxh5+ Kg4 107. Kg2 Rf7 108. Ng3 Re7 109. Nf1 Re2+ 110.
Kg1 Kf3 111. Nh2+ Ke3 112. Nf1+ Kf4 113. Nh2 Ra2 114. Nf1 Kf3 115. Nh2+ Kg3 116.
Nf1+ Kh3 117. Ne3 Rb2 118. Nf1 Re2 119. Kh1 Kg4 120. Kg1 Kf3 121. Nh2+ Kf4 122.
Nf1 Ra2 123. Kh1 Kf3 124. Kg1 Rg2+ 125. Kh1 Rg8 126. Nd2+ Ke2 127. Ne4 Ke3 128.
Nf6 Rg6 129. Nd5+ Kf2 0-1

[Event "FIDE World Blitz 2013"]
[Site "Khanty-Mansiysk RUS"]
[Date "2013.06.09"]
[Round "5.25"]
[White "Andreikin, Dmitry"]
[Black "Potapov, Pavel"]
[Result "1-0"]
[WhiteTitle "GM"]
[BlackTitle "IM"]
[WhiteElo "2713"]
[BlackElo "2460"]
[WhiteFideId "4158814"]
[BlackFideId "4169786"]
[EventDate "2013.06.09"]

1. b3 e5 2. Bb2 Nc6 3. e3 d6 4. d4 exd4 5. exd4 d5 6. Nf3 Nf6 7. Bd3 Be7 8. O-O
O-O 9. Ne5 Ne4 10. Nxc6 bxc6 11. Nd2 Nxd2 12. Qxd2 Bd6 13. c4 Qf6 14. f4 Bf5 15.
Bxf5 Qxf5 16. Rae1 Rfe8 17. c5 Bf8 18. Re5 Qd7 19. Rfe1 f6 20. R5e3 Rxe3 21.
Qxe3 Kf7 22. Qe2 g6 23. g3 Re8 24. Qxe8+ Qxe8 25. Rxe8 Kxe8 26. f5 g5 27. Kf2 h5
28. Bc1 Be7 29. Ke2 Kd7 30. Kd3 Bf8 31. Kc3 Kc8 32. Kb4 Kb7 33. Ka5 a6 34. Bd2
Bg7 35. Kb4 Kc8 36. Kc3 Bf8 37. Kd3 Kd7 38. Bc1 Bg7 39. Ke2 Ke8 40. Bd2 Bf8 41.
Kf3 Kf7 42. Ba5 Ke8 43. Bxc7 Kd7 44. Ba5 Be7 45. Ke2 Kc8 46. Kd3 Kb7 47. Kc2 Kc8
48. Kd3 Kb7 49. Ke2 Kc8 50. Kf2 Kb7 51. g4 h4 52. Ke2 Kc8 53. Kd3 Kb7 54. Kc3
Kc8 55. Bb6 Kb8 56. Kb4 Kc8 57. Ka5 Kb7 58. h3 Bf8 59. Bd8 Bg7 60. Be7 Ka7 61.
b4 Kb7 62. a4 Ka7 63. b5 axb5 64. axb5 Kb7 65. b6 Bh8 66. Bf8 1-0

[Event "FIDE World Blitz 2013"]
[Site "Khanty-Mansiysk RUS"]
[Date "2013.06.09"]
[Round "5.26"]
[White "Skatchkov, Pavel"]
[Black "Salem, A.R. Saleh"]
[Result "0-1"]
[WhiteTitle "GM"]
[BlackTitle "GM"]
[WhiteElo "2486"]
[BlackElo "2531"]
[WhiteFideId "4121848"]
[BlackFideId "9301348"]
[EventDate "2013.06.09"]

1. d4 Nf6 2. Nf3 g6 3. g3 Bg7 4. Bg2 d5 5. O-O O-O 6. c4 dxc4 7. Nc3 Nd5 8. e4
Nxc3 9. bxc3 c5 10. Qe2 Nc6 11. dxc5 Qa5 12. Be3 Qxc3 13. Rac1 Qd3 14. Qxd3 cxd3
15. Rfd1 Rd8 16. Rb1 Be6 17. Ne1 Bxa2 18. Rxb7 Bc4 19. Bf1 Ne5 20. Bf4 a5 21.
Rxe7 Nc6 22. Rc7 Nb4 23. Bd2 Na6 24. Rc6 a4 25. Ba5 Nb8 26. Rd6 Rxd6 27. cxd6
Rxa5 28. Bxd3 Bxd3 29. Nxd3 a3 30. Nb4 Nd7 31. Na2 Ra6 32. f4 Bb2 33. e5 Rc6 34.
Rd3 Rc2 35. Nb4 Rc3 36. Rd5 Rc5 37. Rd3 g5 38. Kg2 gxf4 39. gxf4 Rc4 40. Na2
Rxf4 41. Rb3 Nxe5 42. Kg3 Rd4 43. Rb6 Kg7 44. Ra6 Nc4 45. Ra4 Nxd6 46. Rxd4 Bxd4
47. Kf4 Kf6 48. h4 Be5+ 49. Kg4 Ke6 50. Kh5 Bf4 51. Nb4 Bd2 52. Na2 f5 53. Nb4
Bxb4 54. Kh6 a2 0-1

[Event "FIDE World Blitz 2013"]
[Site "Khanty-Mansiysk RUS"]
[Date "2013.06.09"]
[Round "5.27"]
[White "Nadanian, Ashot"]
[Black "Artemiev, Vladislav"]
[Result "1-0"]
[WhiteTitle "IM"]
[BlackTitle "IM"]
[WhiteElo "2428"]
[BlackElo "2524"]
[WhiteFideId "13300393"]
[BlackFideId "24101605"]
[EventDate "2013.06.09"]

1. d4 Nf6 2. c4 c6 3. d5 cxd5 4. cxd5 Qa5+ 5. Nc3 Ne4 6. Bd2 Nxd2 7. Qxd2 d6 8.
e4 g6 9. Qd4 Rg8 10. Rc1 Bg7 11. Qd2 Bd7 12. Nf3 Na6 13. a3 Rc8 14. Be2 Qb6 15.
b4 Qc7 16. Na2 Qxc1+ 17. Qxc1 Rxc1+ 18. Nxc1 Bc3+ 19. Kf1 Bb2 20. Bxa6 Bxc1 21.
Bxb7 Bxa3 22. Ke2 Bb5+ 23. Ke3 Bxb4 24. Rb1 Bc5+ 25. Kd2 a6 26. Bxa6 Bxa6 27.
Rb8+ Kd7 28. Rxg8 Bxf2 29. Rg7 f6 30. Rxh7 g5 31. h3 Bf1 32. g4 Bc4 33. h4 gxh4
34. Nxh4 Bxh4 35. Rxh4 e6 36. Rh7+ Ke8 37. Rh5 exd5 38. exd5 Kf7 39. Ke3 Kg6 40.
Ke4 Be2 41. Kf4 Bc4 42. Rf5 Bd3 43. Rh5 Bc4 44. Ke3 Bb3 45. Ke4 Bc4 46. Kf4 Bb3
47. Rh8 Bxd5 48. Rd8 Be6 49. Rxd6 Kf7 50. Rb6 Bc8 51. Kg3 Be6 52. Rb7+ Kg6 53.
Kf4 Bc8 54. Re7 Kh6 55. Rc7 Be6 56. Rc6 Bf7 57. Rxf6+ Kg7 58. Rxf7+ 1-0

[Event "FIDE World Blitz 2013"]
[Site "Khanty-Mansiysk RUS"]
[Date "2013.06.09"]
[Round "5.28"]
[White "Sibriaev, Aleksandr"]
[Black "Ghaem Maghami, Ehsan"]
[Result "1/2-1/2"]
[WhiteTitle "FM"]
[BlackTitle "GM"]
[WhiteElo "2239"]
[BlackElo "2554"]
[WhiteFideId "4116070"]
[BlackFideId "12500739"]
[EventDate "2013.06.09"]

1. d4 Nf6 2. c4 e6 3. Nf3 d5 4. a3 Be7 5. cxd5 exd5 6. Nc3 c6 7. Bg5 Bf5 8. e3
Nbd7 9. Be2 O-O 10. O-O Re8 11. Rc1 Bd6 12. b4 a6 13. Na4 Qb8 14. Bh4 Ne4 15.
Nc5 Nf8 16. Qb3 Bg4 17. Bg3 Bxg3 18. hxg3 Bxf3 19. gxf3 Nd2 20. Qc2 Nxf1 21.
Bxf1 Ne6 22. Bd3 g6 23. Nd7 Qd8 24. Ne5 Kg7 25. Kg2 f6 26. Ng4 Qe7 27. Rh1 Rh8
28. f4 Nc7 29. Qb1 Nb5 30. Qc1 Nd6 31. Qc5 Rae8 32. Nh2 Nc4 33. Bxc4 dxc4 34.
Rc1 b5 35. Qxc6 Qe4+ 36. Qxe4 Rxe4 37. Nf3 Ra8 38. Nd2 Re7 39. Nb1 a5 40. Nc3
Rb7 41. d5 axb4 42. axb4 Ra3 43. e4 Rb3 44. e5 Rxb4 45. d6 Kf7 46. Ne4 c3 47.
Nc5 Ra7 48. Rxc3 Rc4 49. e6+ Ke8 50. Rd3 Rxc5 51. d7+ Rxd7 52. exd7+ Kd8 53. Kf3
b4 54. Ke4 Rb5 55. Kd4 b3 56. Rd1 b2 57. Rb1 Kxd7 58. Kc4 Rb8 59. Kc3 Ke6 60.
Rxb2 Rxb2 61. Kxb2 Kd5 62. Kc2 Ke4 63. Kd2 Kf3 64. Ke1 Kg2 65. Ke2 h5 66. Ke3 g5
67. fxg5 fxg5 68. f4 gxf4+ 69. gxf4 h4 70. f5 h3 71. f6 h2 72. f7 h1=Q 73. f8=Q
Qc1+ 74. Kd3 Qd1+ 75. Kc3 Qe1+ 76. Kd3 Qg3+ 77. Kd2 Qg5+ 78. Kd3 Qd5+ 79. Ke2
Qe4+ 80. Kd2 Qd4+ 81. Ke2 1/2-1/2

[Event "FIDE World Blitz 2013"]
[Site "Khanty-Mansiysk RUS"]
[Date "2013.06.09"]
[Round "5.29"]
[White "Ram, S. Krishnan"]
[Black "Cherniaev, Alexander"]
[Result "0-1"]
[BlackTitle "GM"]
[WhiteElo "2248"]
[BlackElo "2447"]
[WhiteFideId "5010519"]
[BlackFideId "4117301"]
[EventDate "2013.06.09"]

1. d4 Nf6 2. Nf3 d6 3. c4 g6 4. Nc3 Bf5 5. Nh4 Bd7 6. e4 e5 7. d5 a5 8. Nf3 Na6
9. Nd2 Nc5 10. b3 Bh6 11. Qc2 O-O 12. Be2 Ne8 13. O-O f5 14. a3 Nf6 15. Bf3 Kh8
16. Ra2 Qe7 17. Re1 Bxd2 18. Bxd2 f4 19. b4 Na4 20. Rb2 axb4 21. axb4 g5 22. Be2
g4 23. Bf1 Rg8 24. Nb5 Raf8 25. c5 g3 26. c6 gxf2+ 27. Kxf2 Ng4+ 28. Ke2 bxc6
29. dxc6 Be6 30. Kd1 Nxh2 31. Bc3 Nxf1 32. Rxf1 Bc4 33. Qxa4 Bxf1 34. Qa6 Rb8 0-1

[Event "FIDE World Blitz 2013"]
[Site "Khanty-Mansiysk RUS"]
[Date "2013.06.09"]
[Round "5.30"]
[White "Byambaa, Zulzaga"]
[Black "Akbaev, Kazbek"]
[Result "1-0"]
[WhiteTitle "FM"]
[BlackTitle "IM"]
[WhiteElo "2285"]
[BlackElo "2475"]
[WhiteFideId "4900642"]
[BlackFideId "4131045"]
[EventDate "2013.06.09"]

1. e4 e6 2. d4 d5 3. exd5 exd5 4. c4 c6 5. Nc3 Nf6 6. Nf3 Be7 7. h3 O-O 8. Be2
h6 9. O-O Be6 10. Ne5 Nbd7 11. f4 dxc4 12. Nxc4 1-0

[Event "FIDE World Blitz 2013"]
[Site "Khanty-Mansiysk RUS"]
[Date "2013.06.09"]
[Round "6.5"]
[White "Akopian, Vladimir"]
[Black "Georgiev, Kiril"]
[Result "1/2-1/2"]
[WhiteTitle "GM"]
[BlackTitle "GM"]
[WhiteElo "2691"]
[BlackElo "2636"]
[WhiteFideId "13300032"]
[BlackFideId "2900017"]
[EventDate "2013.06.09"]

1. Nf3 Nf6 2. c4 e6 3. g3 d5 4. Bg2 Be7 5. O-O O-O 6. b3 b6 7. Bb2 Bb7 8. e3 c5
9. Nc3 dxc4 10. bxc4 Nc6 11. Qe2 Qc7 12. Nb5 Qd7 13. Rfd1 a6 14. Nc3 Rfd8 15.
Rab1 Rab8 16. Ba1 Ba8 17. d3 Na5 18. Ne5 Qc7 19. Bxa8 Rxa8 20. f4 Nc6 21. Nxc6
Qxc6 22. Qg2 Qxg2+ 23. Kxg2 Ng4 24. Kf3 Nxh2+ 25. Kg2 Ng4 26. Kf3 Nh2+ 27. Kg2
Ng4 28. Kf3 Nh2+ 29. Ke4 1/2-1/2

[Event "FIDE World Blitz 2013"]
[Site "Khanty-Mansiysk RUS"]
[Date "2013.06.09"]
[Round "6.10"]
[White "Cheparinov, Ivan"]
[Black "Ponkratov, Pavel"]
[Result "1/2-1/2"]
[WhiteTitle "GM"]
[BlackTitle "GM"]
[WhiteElo "2678"]
[BlackElo "2605"]
[WhiteFideId "2905540"]
[BlackFideId "4157800"]
[EventDate "2013.06.09"]

1. d4 d5 2. c4 e6 3. Nf3 a6 4. g3 dxc4 5. Bg2 Nc6 6. O-O Bd7 7. e3 Rb8 8. Qe2 b5
9. b3 cxb3 10. axb3 Qc8 11. e4 Nf6 12. d5 Nb4 13. Nc3 Be7 14. Nd4 c5 15. dxe6
fxe6 16. Nf3 Nc6 17. Bf4 Rb6 18. Rfd1 O-O 19. e5 Nd5 20. Rxd5 exd5 21. Nxd5 Rb7
22. Rxa6 Be6 23. Ng5 Bxg5 24. Bxg5 Nd4 25. Qe3 Rbf7 26. Ra2 Kh8 27. Bf4 Qd8 28.
Nc3 Nxb3 29. h4 Qd4 30. Nxb5 Qxe3 31. Bxe3 Nd4 32. Bxd4 Bxa2 33. Bxc5 Rc8 34.
Be3 Re7 35. Bf4 Rc2 36. Nd4 Rb2 37. Bf3 Rd7 38. Nf5 Bd5 39. Bxd5 Rxd5 40. Ne3
Rd7 41. h5 h6 42. Kg2 Kg8 43. Kf3 Kf7 44. Nc4 Rd3+ 45. Ke4 Rdb3 46. Nxb2 Rxb2
47. Kf3 Ke6 48. g4 Kd5 49. Bg3 Rb4 50. Bf4 Rb3+ 51. Kg2 Ke4 52. Bg3 Rb6 53. Bh2
Ra6 54. Bg3 Rc6 55. Bh2 1/2-1/2

[Event "FIDE World Blitz 2013"]
[Site "Khanty-Mansiysk RUS"]
[Date "2013.06.09"]
[Round "6.11"]
[White "Khairullin, Ildar"]
[Black "Tkachiev, Vladislav"]
[Result "1/2-1/2"]
[WhiteTitle "GM"]
[BlackTitle "GM"]
[WhiteElo "2658"]
[BlackElo "2649"]
[WhiteFideId "4151348"]
[BlackFideId "618438"]
[EventDate "2013.06.09"]

1. d4 Nf6 2. c4 e6 3. Nf3 Bb4+ 4. Bd2 Qe7 5. g3 Bxd2+ 6. Qxd2 Nc6 7. Nc3 d5 8.
cxd5 exd5 9. Bg2 O-O 10. O-O Rd8 11. Qf4 a6 12. Ne5 Na7 13. Rac1 Nb5 14. Nxb5
axb5 15. a3 c6 16. Rfe1 Ne4 17. Nd3 Nd6 18. Nc5 Bf5 19. e4 dxe4 20. Nxe4 Bxe4
21. Bxe4 Nxe4 1/2-1/2

[Event "FIDE World Blitz 2013"]
[Site "Khanty-Mansiysk RUS"]
[Date "2013.06.09"]
[Round "6.19"]
[White "Pasiev, Rakhim"]
[Black "Popov, Ivan RUS"]
[Result "1/2-1/2"]
[WhiteTitle "IM"]
[BlackTitle "GM"]
[WhiteElo "2384"]
[BlackElo "2632"]
[WhiteFideId "24122475"]
[BlackFideId "4170350"]
[EventDate "2013.06.09"]

1. e4 c6 2. d4 d5 3. e5 c5 4. dxc5 e6 5. a3 Nd7 6. Nf3 Bxc5 7. b4 Bb6 8. Bd3 Ne7
9. O-O a5 10. Bb2 axb4 11. axb4 Rxa1 12. Bxa1 Nc6 13. Qd2 O-O 14. Qf4 h6 15.
Nbd2 Qe7 16. Rb1 Bc7 17. b5 Na5 18. Bc3 b6 19. Nf1 Nc5 20. Ng3 Nxd3 21. cxd3 Qc5
22. Bb4 Qxb5 23. Qc1 Qxd3 24. Bxf8 Kxf8 25. Ne1 Qc4 26. Qa3+ Qc5 27. Qf3 Nc4 28.
Nd3 Qd4 29. Ne2 Qe4 30. Qxe4 dxe4 31. Nb4 Bxe5 32. Rc1 b5 33. Nc3 Bxc3 34. Rxc3
Bd7 35. Nc2 Ke7 36. Kf1 Kd6 37. Ke2 g5 38. h4 f5 39. hxg5 hxg5 40. Rg3 g4 41.
Rb3 Kc5 42. g3 e5 43. Rb1 f4 44. Rb4 Bc6 45. Rb1 e3 46. gxf4 exf4 47. fxe3 Be4
48. Rc1 f3+ 49. Kf2 Bxc2 50. Rxc2 b4 51. Kg3 b3 52. Rc1 Kb4 53. Kxg4 Nd2 54. Kg3
b2 55. Rd1 Kc3 56. e4 Kc2 57. Re1 Nxe4+ 58. Kxf3 Nc3 59. Rh1 Kb3 60. Ke3 Ka2 61.
Kd3 1/2-1/2

[Event "FIDE World Blitz 2013"]
[Site "Khanty-Mansiysk RUS"]
[Date "2013.06.09"]
[Round "6.20"]
[White "Safarli, Eltaj"]
[Black "Vasquez Schroeder, Rodrigo"]
[Result "0-1"]
[WhiteTitle "GM"]
[BlackTitle "GM"]
[WhiteElo "2660"]
[BlackElo "2542"]
[WhiteFideId "13402129"]
[BlackFideId "3400042"]
[EventDate "2013.06.09"]

1. e4 c5 2. Nf3 d6 3. Bc4 Nc6 4. c3 Nf6 5. Qe2 Bg4 6. h3 Bxf3 7. Qxf3 g6 8. O-O
Bh6 9. Qe2 e5 10. a4 O-O 11. Na3 Kg7 12. d3 Bxc1 13. Raxc1 d5 14. exd5 Nxd5 15.
g3 Qd7 16. Kg2 Rad8 17. Rfe1 Rfe8 18. Rcd1 Nb6 19. Bb3 Na5 20. Bc2 Nxa4 21. Nc4
Nxc4 22. dxc4 Qc6+ 23. Be4 Qc7 24. h4 Nb6 25. h5 f5 26. Bc2 e4 27. Qe3 Nxc4 28.
h6+ Kf6 29. Qc1 Qe5 30. Bb3 Nb6 31. Rxd8 Rxd8 32. Rd1 Rd6 33. Bg8 Rxd1 34. Qxd1
Qe7 35. Bxh7 e3 36. fxe3 Qe4+ 37. Kf2 Nd5 38. Qd2 Kf7 39. c4 Nf6 40. Bg8+ Kxg8
41. Qd8+ Kf7 42. Qh8 Ng4+ 43. Kf1 Qd3+ 44. Kg1 Qd1+ 0-1

[Event "FIDE World Blitz 2013"]
[Site "Khanty-Mansiysk RUS"]
[Date "2013.06.09"]
[Round "6.21"]
[White "Kabanov, Nikolai"]
[Black "Mamedov, Rauf"]
[Result "0-1"]
[WhiteTitle "GM"]
[BlackTitle "GM"]
[WhiteElo "2472"]
[BlackElo "2637"]
[WhiteFideId "4127820"]
[BlackFideId "13401653"]
[EventDate "2013.06.09"]

1. e4 c5 2. Nf3 Nc6 3. Bb5 g6 4. O-O Bg7 5. Re1 e5 6. c3 Nge7 7. b4 cxb4 8. d4
exd4 9. cxd4 O-O 10. Bb2 d5 11. Nbd2 dxe4 12. Nxe4 Nd5 13. Ne5 Qb6 14. Bc4 Be6
15. Qd2 Rad8 16. Ng5 Nxe5 17. dxe5 Nc3 18. Qf4 Rd4 19. Nxe6 Rxf4 20. Nxf4 Qd4 0-1

[Event "FIDE World Blitz 2013"]
[Site "Khanty-Mansiysk RUS"]
[Date "2013.06.09"]
[Round "6.22"]
[White "Lagno, Kateryna"]
[Black "Guseinov, Gadir"]
[Result "0-1"]
[WhiteTitle "GM"]
[BlackTitle "GM"]
[WhiteElo "2542"]
[BlackElo "2631"]
[WhiteFideId "14109336"]
[BlackFideId "13401378"]
[EventDate "2013.06.09"]

1. Nf3 g6 2. e4 c5 3. c4 Bg7 4. d4 cxd4 5. Nxd4 Nc6 6. Be3 Nf6 7. Nc3 O-O 8. Be2
b6 9. O-O Bb7 10. f3 e6 11. Qd2 d5 12. cxd5 exd5 13. Nxc6 Bxc6 14. e5 Ne8 15. f4
f6 16. Rad1 Nc7 17. exf6 Qxf6 18. Bd4 Qxd4+ 19. Qxd4 Bxd4+ 20. Rxd4 Ne6 21. Rd2
Nxf4 22. Bf3 Rad8 23. g3 Ne6 24. Bxd5 Rxf1+ 25. Kxf1 Kg7 26. Ke2 Bxd5 27. Rxd5
Kf6 28. Rxd8 Nxd8 29. Kd3 Ke5 30. Kc4 a6 31. a4 Nb7 32. b4 Nd6+ 33. Kd3 b5 34.
a5 g5 35. Ne2 Nf5 36. Nc1 Ne7 37. Nb3 Nd5 38. Nc5 Nxb4+ 39. Kc3 Nd5+ 40. Kd3 Nc7
41. g4 h6 42. Nd7+ Kf4 43. Nf6 Ne6 44. h3 Kg3 45. Ke4 Kxh3 46. Kd5 Nf4+ 47. Kc5
Nd3+ 48. Kb6 b4 49. Kxa6 b3 50. Nd5 Nb4+ 0-1

[Event "FIDE World Blitz 2013"]
[Site "Khanty-Mansiysk RUS"]
[Date "2013.06.09"]
[Round "6.23"]
[White "Gundavaa, Bayarsaikhan"]
[Black "Frolyanov, Dmitry"]
[Result "1/2-1/2"]
[WhiteTitle "GM"]
[BlackTitle "GM"]
[WhiteElo "2516"]
[BlackElo "2570"]
[WhiteFideId "4901045"]
[BlackFideId "4151976"]
[EventDate "2013.06.09"]

1. e4 e5 2. Nf3 Nf6 3. Nc3 Nc6 4. d4 exd4 5. Nxd4 Bb4 6. Nxc6 bxc6 7. Bd3 d5 8.
exd5 cxd5 9. O-O O-O 10. h3 c6 11. Qf3 Rb8 12. Bf4 Bd6 13. b3 Rb4 14. Ne2 Bxf4
15. Nxf4 Ne4 16. Rad1 Qf6 17. c4 Ng5 18. Qe3 Rb7 19. Rfe1 Ne6 20. Nh5 Qh4 21.
Ng3 d4 22. Qe5 c5 23. Re4 Qg5 24. Qxg5 Nxg5 25. Re5 Ne6 26. Bf5 Rc7 27. Ne4 Bb7
28. Bxe6 Bxe4 29. Rxe4 fxe6 30. Rxe6 Kf7 31. Re5 Re8 32. Rde1 Rxe5 33. Rxe5 a5
34. Kf1 Kf6 35. Rd5 Ke6 36. Ke2 a4 37. bxa4 Ra7 38. Rxc5 Rxa4 39. Kd3 Rxa2 40.
Rg5 Kf6 41. Rg3 Rxf2 42. Kxd4 Rd2+ 43. Kc5 g5 44. Kc6 h5 45. c5 Kf5 46. Kc7 g4
47. hxg4+ hxg4 48. c6 Kf4 49. Rc3 Rxg2 50. Kd6 Rd2+ 51. Ke7 Re2+ 52. Kf7 Ra2 53.
c7 Ra8 54. c8=Q Rxc8 55. Rxc8 g3 56. Rg8 Kf3 57. Ke6 g2 58. Ke5 Kf2 59. Ke4 1/2-1/2

[Event "FIDE World Blitz 2013"]
[Site "Khanty-Mansiysk RUS"]
[Date "2013.06.09"]
[Round "6.24"]
[White "Riazantsev, Alexander"]
[Black "Al-Sayed, Mohammed"]
[Result "1-0"]
[WhiteTitle "GM"]
[BlackTitle "GM"]
[WhiteElo "2708"]
[BlackElo "2498"]
[WhiteFideId "4125029"]
[BlackFideId "12100196"]
[EventDate "2013.06.09"]

1. d4 d5 2. c4 c6 3. Nc3 Nf6 4. e3 e6 5. Bd3 dxc4 6. Bxc4 b5 7. Be2 Bb7 8. Bf3
a6 9. Bd2 Nbd7 10. a3 Bd6 11. Nge2 O-O 12. O-O e5 13. b4 Re8 14. Ng3 g6 15. Nce4
Bc7 16. Qc2 exd4 17. exd4 Nd5 18. Bg5 Qb8 19. Nc5 Nxc5 20. dxc5 a5 21. Bxd5 cxd5
22. Bf6 Ra6 23. Bd4 Rae6 24. Qc3 axb4 25. axb4 h5 26. Rfd1 h4 27. Nf1 Re4 28. h3
Bc8 29. Ne3 Be6 30. Bh8 Be5 31. Bxe5 Rxe5 32. Ra8 Qxa8 33. Qxe5 Qa4 34. Rd4 Qa1+
35. Kh2 Qb2 36. Ng4 Bxg4 37. Qxe8+ Kh7 38. Qxf7+ 1-0

[Event "FIDE World Blitz 2013"]
[Site "Khanty-Mansiysk RUS"]
[Date "2013.06.09"]
[Round "6.25"]
[White "Potapov, Pavel"]
[Black "Andreikin, Dmitry"]
[Result "0-1"]
[WhiteTitle "IM"]
[BlackTitle "GM"]
[WhiteElo "2460"]
[BlackElo "2713"]
[WhiteFideId "4169786"]
[BlackFideId "4158814"]
[EventDate "2013.06.09"]

1. e4 Nf6 2. e5 Nd5 3. Nf3 d6 4. d4 dxe5 5. Nxe5 c6 6. Be2 Nd7 7. Nf3 g6 8. O-O
Bg7 9. c4 N5b6 10. Nc3 O-O 11. Be3 Nf6 12. h3 Bf5 13. b4 Ne4 14. Qb3 Rc8 15.
Rfd1 Nxc3 16. Qxc3 Qc7 17. Rac1 Rfd8 18. Qb3 Nd7 19. a4 Nf6 20. b5 Ne4 21. Bd3
Nd6 22. Be2 h6 23. Qb4 Be6 24. d5 c5 25. Bxc5 Qxc5 26. Qxc5 Rxc5 27. dxe6 fxe6
28. Nd2 b6 29. Nb3 Re5 30. Bf3 Rc8 31. Bc6 Re2 32. a5 Rb2 33. Rd3 Rf8 34. Nd2
bxa5 35. c5 Nxb5 36. Bxb5 Rxb5 37. c6 Rd5 38. Rxd5 exd5 39. Nb3 a4 40. Nc5 a3
41. Ne6 Rc8 42. c7 Bb2 43. Rd1 a2 44. Rxd5 a1=Q+ 45. Kh2 Be5+ 46. g3 Bxc7 0-1